书目信息 |
| 题名: |
化学反应机理导论
|
|
| 作者: | 魏运洋 , 李建 编著 | |
| 分册: | ||
| 出版信息: | 北京 科学出版社 2004.01 |
|
| 页数: | 379页 | |
| 开本: | 24cm | |
| 丛书名: | 科学版研究生教学丛书 | |
| 单 册: | ||
| 中图分类: | O643.12 | |
| 科图分类: | ||
| 主题词: | 物理化学 , 量子化学 | |
| 电子资源: | ||
| ISBN: | 7-03-011477-9 | |
| 000 | 00702nam0 2200241 450 | |
| 001 | 0429454252 | |
| 005 | 20050913162204.28 | |
| 010 | @a7-03-011477-9@dCNY 39.00 | |
| 100 | @a20040409d2004 km y0chiy0120 ea | |
| 101 | 0 | @achi |
| 102 | @aCN@b110000 | |
| 200 | 1 | @a化学反应机理导论@Ahua xue fan ying ji li dao lun@f魏运洋,李建编著@Fwei yun yang,li jian bian zhu |
| 210 | @a北京@c科学出版社@d2004.01 | |
| 215 | @a379页@d24cm | |
| 225 | 2 | @a科学版研究生教学丛书 |
| 410 | 0 | @12001 @a科学版研究生教学丛书 |
| 606 | 0 | @a物理化学 |
| 606 | 0 | @a量子化学 |
| 690 | @aO643.12@v4 | |
| 701 | 0 | @a魏运洋@Awei yun yang@4编著 |
| 701 | 0 | @a李建@Ali jian@4编著 |
| 801 | 0 | @c20050913 |
| 905 | @a10447@dO643.12@eW605 | |
| 化学反应机理导论/魏运洋,李建编著.-北京:科学出版社,2004.01 |
| 379页;24cm.-(科学版研究生教学丛书) |
| ISBN 7-03-011477-9:CNY 39.00 |
| ● |
| 相关链接 |
|
|
|
正题名:化学反应机理导论
索取号:O643.12/W605
 
预约/预借
| 序号 | 登录号 | 条形码 | 馆藏地/架位号 | 状态 | 备注 |
| 1 | 545362 | 205453622 | 材料与化工学院资料室/ [索取号:O643.12/W605] | 在馆 | |
| 2 | 545363 | 205453631 | 自科库401/401自科库 64排5列2层/ [索取号:O643.12/W605] | 在馆 | |
| 3 | 545364 | 205453640 | 自科库401/401自科库 64排5列2层/ [索取号:O643.12/W605] | 在馆 | |
| 4 | 550969 | 205509699 | 自科库401/401自科库 64排5列2层/ [索取号:O643.12/W605] | 在馆 | |
| 5 | 550970 | 205509706 | 自科库401/401自科库 64排5列2层/ [索取号:O643.12/W605] | 在馆 | |
| 6 | 550971 | 205509715 | 自科库401/401自科库 64排5列2层/ [索取号:O643.12/W605] | 在馆 |